000 00449nam a22001937a 4500
003 MPLRDC
005 20220104123813.0
008 210129b ||||| |||| 00| 0 eng d
020 _a7-215-00302-7
082 _a823 KZG*
100 _a康正果
245 _a风骚与艳情
_c
250 _a一版一刷
260 _a
_b河南人民出版社
_c1988
300 _b
490 _a妇女研究丛书
650 _a
942 _cBK
_o823 KZG*
999 _c14320
_d14310